000
00275nam a22001097a 4500
020
_a
0226243656
100
_a
Fermi, Enrico
245
_a
Nuclear Physics
_c
Enrico Fermi
260
_a
London,
_b
Chicago Press,
_c
1949.
300
_a
248p. ;
_b
Paperback
942
_2
ddc
_c
BK
999
_c
594274
_d
594274